| 000 | 00483nam a2200133Ia 4500 | ||
|---|---|---|---|
| 008 | 220216s9999 xx 000 0 und d | ||
| 100 | _aOoij Wim J van | ||
| 245 | 4 | _aThe Use of organofunctional silanes for bonding rubber to metals | |
| 260 | _bInternational Conference and Exhibition on Rubber and Allied Materials Asia Rub Tech Expo 2002. 28-30 November 2002, New Delhi. pp.241-246. | ||
| 650 | _aBonding | ||
| 700 | _aJayaseelan Senthil K | ||
| 700 | _aStacy Matt | ||
| 942 | _cJS | ||
| 999 |
_c71136 _d71136 |
||